000 00960nas a2200301 4500
001 BR2011007483
003 BR-BrBNA
005 20231205115815.0
007 ta
008 230509b bl.|||p| |||| 00| 00por d
040 _aBR-BrBNA
_bpor
_cBiblioteca Nacional de Agricultura
041 _a(Pt)
072 _aL73
100 1 _aFriesen, R.
100 1 _aFarias, M.R. de
100 1 _aWerner, J.
100 1 _aCruz, M. de A.
100 1 _aBacchi, R.
245 1 _aDermatite facial idiopática do gato persa: relato de caso
246 1 _aIdiopathic facial dermatitis of persian cat: a case report
650 _aGATO
650 _aDERMATITE
650 _aDOENÇA ANIMAL
650 _aPELE
773 0 _tMEDVEP. Revista Científica de Medicina Veterinária. Pequenos Animais e Animais de Estimação (Brazil)
_xISSN 1678-1430
_g(Jan-Mar 2009), v. 7(20) p. 91-94
_wBR2011007483
909 _a202311
_bLúcia
_c55
_dLúcia Elande
942 _2AGRIS
_n0
_cANA
999 _c215790
_d215790